000 00304nam a2200133Ia 4500
005 20251222140100.0
008 251222s1900||||xx |||||||||||||| ||spa||
020 _a8402045081
082 _a181.112/C76
100 _aConfucio
245 0 _aLos Cuatro Libros Clásicos
264 _bBruguera
942 _cLIB
999 _c3896
_d3896